000 00259nam a2200097Ia 4500
008 230508s1995 xx 000 0 und d
041 _aeng
100 _aGLANVILL & DENTON
245 _aINJECTION MOULD DESIGN FUNDAMENTALS
260 _bINDUSTRIAL PRESS INC
_c1995
999 _c339764
_d339764